Best Picture Oscar Winners Quiz Stats

 Plays Quiz not verified by Sporcle

Score 0/22 Timer 03:00
0 Plays Today
% Correct
Crash
86.1%
Titanic
83.3%
Argo
80.6%
Wings
80.6%
Amadeus
79.2%
Chicago
76.4%
Unforgiven
76.4%
Patton
76.4%
Gladiator
75%
Platoon
73.6%
Gandhi
73.6%
% Correct
Rocky
73.6%
Oliver
72.2%
Marty
68.1%
Cavalcade
68.1%
Cimarron
68.1%
Hamlet
66.7%
Casablanca
66.7%
Rebecca
66.7%
Gigi
65.3%
Braveheart
63.9%
Ben-Hur
54.2%

You're not logged in!

Compare scores with friends on all Sporcle quizzes.
OR
Log In

Sporcle TV

Today on Sporcle TV


Watch our educational content, quiz creation guides, and fun videos on Sporcle TV.

Show Comments

Extras

Top Quizzes Today


Score Distribution

Your Account Isn't Verified!

In order to create a playlist on Sporcle, you need to verify the email address you used during registration. Go to your Sporcle Settings to finish the process.

Report this User

Report this user for behavior that violates our Community Guidelines.

Details: